000 00780nam a22001937a 4500
005 20251008125259.0
010 _aHIN-130482
020 _a9788119547722
_c300.00
035 _aHN-102828
037 _bDBAD
_a1
082 _a
_2प्रथम
_b1
100 _aनिर्मला
_dप्रेम चन्द
_985430
245 _aनिर्मला/
_cप्रेमचन्द
_hहिन्दी
250 _aप्रथम
260 _aनई दिल्ली
_bश्री गणेश प्रकाशन
_c2024
270 _a#32 ब्लाक 4,सुभाष गली विश्वास नगर
_bशाहदरा
_e110032
300 _a144पृ.
_c22सेमी (सजिल्द)
942 _2ddc
_cHN
_h
_mप्रेमच
999 _c213618
_d213618